000 00580nam a2200229Ia 4500
003 OSt
005 20220928144606.0
006 a|||||r|||| 00| 0
007 ta
008 220927b |||||||| |||| 00| 0 eng d
024 _a72328
037 _cTextual
040 _aSDCL
_cSDCL
_beng
041 _2eng
_aeng
082 _aG:424, M8
100 _aCano Raul J
_9508607
245 0 _aEssentials of microbiology.
260 _c1988
700 _a Colome Jaime S
_9508608
942 _hG:424, M8
_cTEXL
_2CC
999 _c828383
_d828383